Chocolate brands - Statistics

General Stats
  • This quiz has been taken 588 times
  • The average score is 7 of 20
Answer Stats
Hint Answer % Correct
Have a break, have a Kit Kat
95%
A ..... a day helps you work rest and play Mars
75%
You're Not You When You're Hungry Snickers
75%
Our galaxy Milky Way
64%
The crumbliest flakiest chocolate Flake
56%
Bubbles Aero
52%
Swiss mountains Toblerone
50%
Honeycomb double sealed in choc Crunchie
42%
A break from the norm Twix
41%
Hershey's... Kisses
40%
Chunky chocolate Yorkie
26%
Nougat, cereal and chocolate Double Decker
22%
Mars and Murry M&Ms
17%
Nougat, caramel, biscuit, puffed rice Picnic
14%
Exploding dough and chocolate Maltesers
12%
Similar to above Smarties
12%
Everyone's a fruit and nutcase Cadbury's Fruit and Nut
9%
Full of eastern promise Fry's Turkish Delight
7%
So delicious they're doomed Astros
1%
Queen of British moulded chocolate Cadbury Milk Bar
0%
No matching quizzes found
Score Distribution
Percent of People with Each Score
Percentile by Number Answered
Your Score History
You have not taken this quiz